00471nam a22001575i 450000100060000000300090000600500170001500700030003200800410003504000200007610000210009624500570011726000860017430000320026085200210029252952ES-MaACL20230906162656.0t|950906s1894 fr ||||1| fre d aCAM bspa cCAM1 aDollfus, Lucien.10aEtudes sur le Moyen Age espagnol / cLucien Dollfus. aParis : bErnest Leroux, c1894 (eChalon-sur-Saone : fimprimerie de L. Marceau) a[4], 349, [1] p. ; c19 cm. aES-MaACLjF-9772